| 000 | nam a22 a 4500 | ||
|---|---|---|---|
| 999 |
_c2081 _d2081 |
||
| 005 | 20170526165525.0 | ||
| 008 | 170515b1998 - ||||| |||| 00| 0 eng d | ||
| 020 | _a0534349536 | ||
| 040 | _aAKMAL | ||
| 082 | _a361.0072 MAR | ||
| 090 |
_a361.0072 _bMAR |
||
| 245 |
_aRESEARCH METHODS FOR GENERALIST SOCIAL WORK _cCHRISTINE MARLOW |
||
| 250 | _aSECOND EDITION | ||
| 260 |
_aUNITED STATE OF AMERICA _bBROOKS/COLE _c1998 |
||
| 300 | _ccm | ||
| 599 | _aDALAM PROSES | ||
| 942 |
_2ddc _cBOOK |
||